|
|
|
|
| LEADER |
01622nam a22003732a 4500 |
| 001 |
001367514 |
| 003 |
CZ BrMZK |
| 005 |
20180207110753.0 |
| 007 |
ta |
| 008 |
140217s1931 xr a er|||||||||||cze d |
| 015 |
|
|
|a cnb000560048
|
| 035 |
|
|
|a (OCoLC)85378559
|
| 040 |
|
|
|a ABA001
|b cze
|c ABA001
|d ABA001
|
| 041 |
1 |
|
|a cze
|h fre
|
| 072 |
|
7 |
|a 821.133.1-1
|x Francouzská poezie, francouzsky psaná
|2 Konspekt
|9 25
|
| 080 |
|
|
|a 821.133.1-1
|2 MRF
|
| 080 |
|
|
|a (0.027.6)
|2 MRF
|
| 100 |
1 |
|
|a Apollinaire, Guillaume,
|d 1880-1918
|7 jn19981000126
|4 aut
|
| 245 |
1 |
0 |
|a Ubrousek básníků /
|c Guillaume Apollinaire ; [z franc.] přel. J. Starý ; linoryty Jana Sládka
|
| 260 |
|
|
|a Moravská Ostrava :
|b B. Krýsa,
|c 1931
|
| 300 |
|
|
|a [7] s. :
|b il. ;
|c 4°
|
| 500 |
|
|
|a Bibliofilie
|
| 500 |
|
|
|a S podpisem Jana Sládka
|
| 500 |
|
|
|a Soukroumý tisk vydaný ve 250 číslovaných výtisků, z nichž čísla 101-250 byla věnována účastníkům IV. sjezdu bibliofilů v Moravské Ostravě
|
| 655 |
|
7 |
|a francouzská poezie
|7 fd132284
|z Francie
|y 19.-20. stol.
|2 czenas
|
| 655 |
|
7 |
|a bibliofilie
|7 fd131893
|2 czenas
|
| 700 |
1 |
|
|a Starý, Jan,
|d 1960-
|7 jn20031125001
|4 trl
|
| 700 |
1 |
|
|a Sládek, Jan,
|d 1906-1982
|7 jk01111736
|4 ill
|
| 910 |
|
|
|a BOA001
|b Bf2-0385.904
|b Bf2-0326.102
|
| 920 |
|
|
|a 001395755
|
| 990 |
|
|
|a BK
|
| 991 |
|
|
|b 201402
|
| 996 |
6 |
|
|b 2619621876
|c Bf2-0385.904
|l Stud. starých tisků/4.patro
|r Sklad / do násl. otevíracího dne
|n 0
|w 001402458
|u 000010
|a 1
|e BOA001
|j MZK50
|s P
|
| 996 |
6 |
|
|b 2619636810
|c Bf2-0326.102
|l Stud. starých tisků/4.patro
|r Sklad / do násl. otevíracího dne
|n 0
|w 001402458
|u 000020
|a 1
|e BOA001
|j MZK50
|s P
|